UBT Library

Fshati pa Varreza (Record no. 60897)

000 -LEADER
fixed length control field 00266nam a22001217a 4500
008 - FIXED-LENGTH DATA ELEMENTS--GENERAL INFORMATION
fixed length control field 260313b ||||| |||| 00| 0 eng d
041 ## - LANGUAGE CODE
Language code of text/sound track or separate title Shqip
080 ## - UNIVERSAL DECIMAL CLASSIFICATION NUMBER
Universal Decimal Classification number 191.1
100 ## - Rafti
Rafti 20.1
101 ## - Shkurtesa
Shkurtesa Roman
245 ## - TITLE STATEMENT
Title Fshati pa Varreza
Statement of responsibility, etc Kim Mehmeti
942 ## - ADDED ENTRY ELEMENTS (KOHA)
Source of classification or shelving scheme
Item type Books
Holdings
Withdrawn status Lost status Source of classification or shelving scheme Damaged status Not for loan Collection code Permanent location Current location Date acquired Total Checkouts Barcode Date last seen Price effective from Koha item type
          Koleksioni i përgjithshem UBT - Lipjan UBT - Lipjan 03/13/2026   003-800070999184 03/13/2026 03/13/2026 Books
          Koleksioni i përgjithshem UBT - Lipjan UBT - Lipjan 03/13/2026   003-800070999185 03/13/2026 03/13/2026 Books
          Koleksioni i përgjithshem UBT - Lipjan UBT - Lipjan 03/13/2026   003-800070999186 03/13/2026 03/13/2026 Books
          Koleksioni i përgjithshem UBT - Lipjan UBT - Lipjan 03/13/2026   003-800070999187 03/13/2026 03/13/2026 Books
          Koleksioni i përgjithshem UBT - Lipjan UBT - Lipjan 03/13/2026   003-800070999188 03/13/2026 03/13/2026 Books
          Koleksioni i përgjithshem UBT - Lipjan UBT - Lipjan 03/13/2026   003-800070999189 03/13/2026 03/13/2026 Books
UBT Library © 2015-2024. All rights reserved University Education for Business and Technology